Statistics for Biggest Cities once in the Roman Empire

Click here to take the quiz!

General Stats

  • This quiz has been taken 27,427 times
    (16,073 since last reset)
  • The average score is 16 of 25

Answer Stats

Population City % Correct
3.60 milRome
98%
11.3 milParis
95%
14.6 milLondon
93%
6.35 milMadrid
89%
14.8 milIstanbul
88%
18.2 milCairo
86%
3.38 milAthens
84%
4.70 milBarcelona
83%
5.15 milMilan
81%
4.23 milNaples
72%
5.85 milAlexandria
66%
2.58 milTunis
66%
2.55 milLisbon
64%
4.85 milAnkara
63%
3.83 milAlgiers
59%
3.03 milManchester
56%
3.68 milDamascus
54%
2.58 milBudapest
51%
3.10 milBirmingham
48%
2.63 milTel Aviv
47%
4.33 milCasablanca
45%
3.23 milFrankfurt
35%
5.30 milAmman
30%
3.00 milIzmir
24%
3.20 milRotterdam / The Hague
14%

Score Distribution

Percentile by Number Answered

Percent of People with Each Score

Your Score History

You have not taken this quiz since the last reset